Možnosti optimalizácie daňového systému v SR z hľadiska spravodlivosti a efektívnosti

Požiadavky na optimálny daňový systém. Daňová politika v podmienkach slovenskej ekonomiky. Vývoj hodnôt daňovej kvóty I. v SR a prognóza ich vývoja do roku 2006. Uplatňovanie nepriamych daní v SR z hľadiska spravodlivosti a efektívnosti. Spravodlivosť a efektívnosť daní z príjmov fyzických a právni...

Descripción completa

Guardado en:
Detalles Bibliográficos
Autor principal: Švolíková, Oľga
Formato: Capítulo de libro
Lenguaje:eslovaco
Materias:
Etiquetas: Agregar Etiqueta
Sin Etiquetas, Sea el primero en etiquetar este registro!

MARC

LEADER 00000naa$a2200000$$$4500
001 0005851
005 20240702095833.5
041 0 |a slo 
044 |a SK 
245 1 0 |a Možnosti optimalizácie daňového systému v SR z hľadiska spravodlivosti a efektívnosti  |c Oľga Švolíková 
520 |a Požiadavky na optimálny daňový systém. Daňová politika v podmienkach slovenskej ekonomiky. Vývoj hodnôt daňovej kvóty I. v SR a prognóza ich vývoja do roku 2006. Uplatňovanie nepriamych daní v SR z hľadiska spravodlivosti a efektívnosti. Spravodlivosť a efektívnosť daní z príjmov fyzických a právnických osôb. 
610 2 0 |a systémy daňové 
610 2 0 |a optimalizácia 
610 2 0 |a Slovensko 
610 2 0 |a spravodlivosť daňová 
610 2 0 |a dane nepriame 
610 2 0 |a dane z príjmov 
610 2 0 |a osoby fyzické 
610 2 0 |a osoby právnické 
610 2 0 |a efektívnosť 
100 1 |a Švolíková, Oľga